| 000 | 00407nam a22001697a 4500 | ||
|---|---|---|---|
| 005 | 20160624120438.0 | ||
| 008 | 160624b xxu||||| |||| 00| 0 eng d | ||
| 020 | _a978-81-317-2003-5 | ||
| 041 | _aeng | ||
| 082 | _b9518 | ||
| 100 |
_aThanenbaum. Andrews _92649 |
||
| 245 | _aModern Operating Systems | ||
| 260 |
_aDelhi _bPearson Education |
||
| 300 | _a1002 | ||
| 650 |
_aManagement _9241 |
||
| 942 | _cBK | ||
| 999 |
_c3816 _d3815 |
||